Normal view
MARC view
- Cormier,Sherry , Nurius,Paula.S , Osborn,Cynthia.J
Entry Personal Name
001 - CONTROL NUMBER
- control field: 677
003 - CONTROL NUMBER IDENTIFIER
- control field: JO-AjAnu
005 - DATE AND TIME OF LATEST TRANSACTION
- control field: 20230606070421.0
008 - FIXED-LENGTH DATA ELEMENTS
- fixed length control field: 230606|| aca||aabn | a|a d
040 ## - CATALOGING SOURCE
- Original cataloging agency: JO-AjAnu
- Transcribing agency: JO-AjAnu
100 ## - HEADING--PERSONAL NAME
- Personal name: Cormier,Sherry , Nurius,Paula.S , Osborn,Cynthia.J
670 ## - SOURCE DATA FOUND
- Source citation: Work cat.: (JO-AjAnu)357: Cormier,Sherry , Nurius,Paula.S , Osborn,Cynthia.J, author, Interviewing and Change Strategies for Helpers:Fundamental Skills and Cognitive Behavioral Interventions